00515nam a2200169 a 45000010005000000030005000050050017000100080041000270400020000681000020000882450113001082600036002213000011002574900033002686500016003016500028003172352CDMR20131128175526.0130130s1974||||||||||||||||||||||||||||d aCDMRbcatcCDMR1 aMorris, Charles13aLa significación y lo significativob: estudio de las relaciones entre el signo y el valorcCharles Morris aMadridc1974bAlberto Corazón a146 p.0 aComunicación.aSerie Bv3504aSemiòtica04aComunicació no verbal